Pile ou Face en 100 clics - Quel sera ton % de chance ? - Statistiques

Statistiques générales
  • Ce quiz a été pris 525 fois
  • Le résultat moyen est 47 sur 100
Statistiques - réponses
Hint Réponse % Correct
Pile ou Face ? Face
54%
Pile ou Face ? Face
53%
Pile ou Face ? Face
53%
Pile ou Face ? Face
52%
Pile ou Face ? Face
52%
Pile ou Face ? Pile
52%
Pile ou Face ? Face
51%
Pile ou Face ? Face
51%
Pile ou Face ? Face
51%
Pile ou Face ? Face
51%
Pile ou Face ? Pile
51%
Pile ou Face ? Face
50%
Pile ou Face ? Face
50%
Pile ou Face ? Face
50%
Pile ou Face ? Face
50%
Pile ou Face ? Face
50%
Pile ou Face ? Face
50%
Pile ou Face ? Pile
50%
Pile ou Face ? Face
49%
Pile ou Face ? Face
49%
Pile ou Face ? Face
49%
Pile ou Face ? Face
49%
Pile ou Face ? Face
49%
Pile ou Face ? Face
49%
Pile ou Face ? Face
49%
Pile ou Face ? Face
48%
Pile ou Face ? Face
48%
Pile ou Face ? Face
48%
Pile ou Face ? Face
48%
Pile ou Face ? Face
48%
Pile ou Face ? Face
48%
Pile ou Face ? Face
48%
Pile ou Face ? Face
48%
Pile ou Face ? Face
48%
Pile ou Face ? Face
48%
Pile ou Face ? Face
48%
Pile ou Face ? Face
48%
Pile ou Face ? Face
48%
Pile ou Face ? Face
48%
Pile ou Face ? Pile
48%
Pile ou Face ? Pile
48%
Pile ou Face ? Pile
48%
Pile ou Face ? Pile
48%
Pile ou Face ? Pile
48%
Pile ou Face ? Face
47%
Pile ou Face ? Face
47%
Pile ou Face ? Face
47%
Pile ou Face ? Face
47%
Pile ou Face ? Pile
47%
Pile ou Face ? Pile
47%
Pile ou Face ? Pile
47%
Pile ou Face ? Pile
47%
Pile ou Face ? Pile
47%
Pile ou Face ? Pile
47%
Pile ou Face ? Face
46%
Pile ou Face ? Face
46%
Pile ou Face ? Pile
46%
Pile ou Face ? Pile
46%
Pile ou Face ? Pile
46%
Pile ou Face ? Pile
46%
Pile ou Face ? Pile
46%
Pile ou Face ? Pile
46%
Pile ou Face ? Pile
46%
Pile ou Face ? Pile
46%
Pile ou Face ? Pile
46%
Pile ou Face ? Pile
46%
Pile ou Face ? Face
45%
Pile ou Face ? Face
45%
Pile ou Face ? Face
45%
Pile ou Face ? Face
45%
Pile ou Face ? Pile
45%
Pile ou Face ? Pile
45%
Pile ou Face ? Pile
45%
Pile ou Face ? Pile
45%
Pile ou Face ? Pile
45%
Pile ou Face ? Face
44%
Pile ou Face ? Face
44%
Pile ou Face ? Face
44%
Pile ou Face ? Face
44%
Pile ou Face ? Pile
44%
Pile ou Face ? Pile
44%
Pile ou Face ? Pile
44%
Pile ou Face ? Pile
44%
Pile ou Face ? Pile
44%
Pile ou Face ? Pile
44%
Pile ou Face ? Pile
44%
Pile ou Face ? Pile
44%
Pile ou Face ? Pile
44%
Pile ou Face ? Pile
44%
Pile ou Face ? Pile
43%
Pile ou Face ? Pile
43%
Pile ou Face ? Pile
43%
Pile ou Face ? Pile
43%
Pile ou Face ? Pile
43%
Pile ou Face ? Pile
43%
Pile ou Face ? Pile
43%
Pile ou Face ? Pile
43%
Pile ou Face ? Pile
42%
Pile ou Face ? Pile
41%
Pile ou Face ? Pile
41%
Aucun quiz correspondant
Distribution des résultats
% des personnes avec chaque résultat
Percentile par nombre de réponses
Votre historique - résultats
Vous n’avez pas pris ce quiz